Náṭyaśāstra : (Record no. 86168)
[ view plain ]
| 000 -LEADER | |
|---|---|
| fixed length control field | 01230nam a2200337 a 4500 |
| 001 - CONTROL NUMBER | |
| control field | 86168 |
| 003 - CONTROL NUMBER IDENTIFIER | |
| rucl marc code | BD-RjUL |
| 005 - DATE AND TIME OF LATEST TRANSACTION | |
| control field | 20260209121616.0 |
| 008 - FIXED-LENGTH DATA ELEMENTS--GENERAL INFORMATION | |
| fixed length control field | 260209r19641926ii a 000 0 sanr |
| 035 ## - SYSTEM CONTROL NUMBER | |
| System control number | (BD-RjUL)86168 |
| 040 ## - CATALOGING SOURCE | |
| Original cataloging agency | DLC |
| Transcribing agency | NIC |
| Modifying agency | DLC |
| -- | BD-RjUL |
| Language of cataloging | eng |
| 041 ## - LANGUAGE CODE | |
| Language code of text/sound track or separate title | eng |
| 042 ## - AUTHENTICATION CODE | |
| Authentication code | premarc |
| 082 ## - DEWEY DECIMAL CLASSIFICATION NUMBER | |
| Edition number | 23 |
| Classification number | 891.22 |
| Author mark and year | BHN 1926-1964 |
| 100 0# - MAIN ENTRY--PERSONAL NAME | |
| Personal name | Bharata Muni. |
| 9 (RLIN) | 17697 |
| 245 10 - TITLE STATEMENT | |
| Title | Náṭyaśāstra : |
| Remainder of title | with the commentary of Abhinavagupta / |
| Statement of responsibility, etc. | Edited with a pref., appendix and index by Manavalli Ramakrishna Kavi. |
| 260 ## - PUBLICATION, DISTRIBUTION, ETC. (IMPRINT) | |
| Place of publication, distribution, etc. | Baroda : |
| Name of publisher, distributor, etc. | Oriental Institute, |
| Date of publication, distribution, etc. | 1926-64. |
| 300 ## - PHYSICAL DESCRIPTION | |
| Pagination | 4 v.: |
| Illustrations | illus. |
| Size | 25 cm. |
| 336 ## - CONTENT TYPE | |
| Content type term | text |
| Content type code | txt |
| Source | rdacontent |
| 337 ## - MEDIA TYPE | |
| Media type term | unmediated |
| Media type code | n |
| Source | rdamedia |
| 338 ## - CARRIER TYPE | |
| Carrier type term | volume |
| Carrier type code | nc |
| Source | rdacarrier |
| 500 ## - GENERAL NOTE | |
| General note | In Sanskrit. |
| General note | Vol. 4: Nāṭyaśātra of Bharatamuni, with the commentary Abhibavabhāratī, by Abhinavaguptācārya. Edited by late M. Ramakrishna Kavi and J. S. Pade. |
| 505 01 - FORMATTED CONTENTS NOTE | |
| Formatted contents note | Vol.1--Vol.2-- |
| 650 #0 - SUBJECT ADDED ENTRY--TOPICAL TERM | |
| Topical term or geographic name as entry element | Sanskrit drama |
| General subdivision | History and criticism. |
| 9 (RLIN) | 3549 |
| Topical term or geographic name as entry element | Theater |
| Geographic subdivision | India. |
| 9 (RLIN) | 17699 |
| 700 0# - ADDED ENTRY--PERSONAL NAME | |
| Personal name | Abhinavagupta, |
| Personal name | Rāmakr̥ṣṇakavi, Mānavalli. |
| 942 ## - ADDED ENTRY ELEMENTS (KOHA) | |
| Source of classification or shelving scheme | Dewey Decimal Classification |
| Koha item type | Books |
| Lost status | Source of classification or shelving scheme | Damaged status | Not for loan | Collection code | Permanent Location | Current Location | Shelving location | Date acquired | Cost, normal purchase price | Total Checkouts | Full call number | Date last seen | Copy number | Koha item type |
|---|---|---|---|---|---|---|---|---|---|---|---|---|---|---|
| Dewey Decimal Classification | Not For Loan | Fiction | Central Library, University of Rajshahi | Central Library, University of Rajshahi | Reading Room | 29/08/1996 | 139.75 | 891.22 BHN V-1 1926 | 09/02/2026 | C-1 | Books | |||
| Dewey Decimal Classification | Fiction | Central Library, University of Rajshahi | Central Library, University of Rajshahi | General Stacks | 29/08/1996 | 139.75 | 891.22 BHN V-1 1926 | 09/02/2026 | C-2 | Books | ||||
| Dewey Decimal Classification | Fiction | Central Library, University of Rajshahi | Central Library, University of Rajshahi | General Stacks | 29/08/1996 | 139.75 | 891.22 BHN V-1 1926 | 09/02/2026 | C-3 | Books | ||||
| Dewey Decimal Classification | Fiction | Central Library, University of Rajshahi | Central Library, University of Rajshahi | General Stacks | 29/08/1996 | 139.75 | 891.22 BHN V-1 1926 | 09/02/2026 | C-4 | Books | ||||
| Dewey Decimal Classification | Fiction | Central Library, University of Rajshahi | Central Library, University of Rajshahi | General Stacks | 29/08/1996 | 139.75 | 891.22 BHN V-1 1926 | 09/02/2026 | C-5 | Books | ||||
| Dewey Decimal Classification | Not For Loan | Fiction | Central Library, University of Rajshahi | Central Library, University of Rajshahi | Reading Room | 29/08/1996 | 139.75 | 891.22 BHN V-2 1934 | 09/02/2026 | C-1 | Books | |||
| Dewey Decimal Classification | Fiction | Central Library, University of Rajshahi | Central Library, University of Rajshahi | General Stacks | 29/08/1996 | 139.75 | 891.22 BHN V-2 1934 | 09/02/2026 | C-2 | Books | ||||
| Dewey Decimal Classification | Fiction | Central Library, University of Rajshahi | Central Library, University of Rajshahi | General Stacks | 29/08/1996 | 139.75 | 891.22 BHN V-2 1934 | 09/02/2026 | C-3 | Books | ||||
| Dewey Decimal Classification | Fiction | Central Library, University of Rajshahi | Central Library, University of Rajshahi | General Stacks | 29/08/1996 | 139.75 | 891.22 BHN V-2 1934 | 09/02/2026 | C-4 | Books | ||||
| Dewey Decimal Classification | Fiction | Central Library, University of Rajshahi | Central Library, University of Rajshahi | General Stacks | 29/08/1996 | 139.75 | 891.22 BHN V-2 1934 | 09/02/2026 | C-5 | Books |